[Event "FRA-chT1 0910"]
[Site "France"]
[Date "2009.12.13"]
[Round "7.7"]
[White "Geffroy, Laurent"]
[Black "Djadi, Fouad"]
[Result "1-0"]
[WhiteElo "2239"]
[BlackElo "1765"]
[PlyCount "49"]
[EventDate "2009.09.27"]
[EventType "team-match"]
[EventRounds "11"]
[EventCountry "FRA"]
[SourceDate "2009.07.26"]

1. d4 Nf6 2. Bg5 Ne4 3. Bf4 d6 4. f3 Nf6 5. e4 Nbd7 6. Bc4 c5 7. dxc5 Qa5+ 8.
Nc3 Qxc5 9. Qe2 Ne5 10. Bb3 Bd7 11. Be3 Qc7 12. f4 Nc6 13. Nf3 a6 14. O-O g6
15. Ng5 e6 16. f5 h6 17. fxe6 hxg5 18. exd7+ Nxd7 19. Bxf7+ Kd8 20. Nd5 Qa5 21.
Bxg5+ Be7 22. b4 Qa4 23. Qd2 Nde5 24. Nxe7 Nxe7 25. Qxd6+ 1-0

[Event "FRA-chT1 0910"]
[Site "France"]
[Date "2009.12.13"]
[Round "7.8"]
[White "Pays, Natacha"]
[Black "Wasylyk, Laure"]
[Result "0-1"]
[WhiteElo "1500"]
[BlackElo "2006"]
[PlyCount "64"]
[EventDate "2009.09.27"]
[EventType "team-match"]
[EventRounds "11"]
[EventCountry "FRA"]
[SourceDate "2009.07.26"]

1. e4 e5 2. Nf3 Nc6 3. Bc4 Nf6 4. d3 Be7 5. Nc3 d6 6. h3 Be6 7. Bb3 h6 8. O-O
O-O 9. Nh2 Bxb3 10. axb3 d5 11. exd5 Nxd5 12. Nxd5 Qxd5 13. Qg4 f5 14. Qe2 Nd4
15. Qd1 Rf6 16. c3 Rg6 17. g3 Nc6 18. Qh5 Qf7 19. Qd1 f4 20. g4 h5 21. Kh1 Qd5+
22. Qf3 Qxf3+ 23. Nxf3 hxg4 24. hxg4 Rxg4 25. Nh2 Rh4 26. Kg2 Kf7 27. f3 Rah8
28. Ng4 Rd8 29. Rd1 g5 30. Ra4 a6 31. Re4 Bf6 32. b4 Rd5 0-1

[Event "FRA-chT1 0910"]
[Site "France"]
[Date "2009.12.13"]
[Round "7.1"]
[White "David, Alberto"]
[Black "Winants, Luc"]
[Result "1-0"]
[WhiteElo "2593"]
[BlackElo "2527"]
[PlyCount "49"]
[EventDate "2009.09.27"]
[EventType "team-match"]
[EventRounds "11"]
[EventCountry "FRA"]
[SourceDate "2009.07.26"]
[WhiteTeam "Lutece"]
[BlackTeam "Cappelle"]

1. d4 Nf6 2. c4 e6 3. g3 Bb4+ 4. Bd2 a5 5. Bg2 d6 6. Nf3 Nbd7 7. O-O e5 8. Nc3
c6 9. Qc2 O-O 10. Rad1 Re8 11. e4 exd4 12. Nxd4 Ne5 13. Na4 $146 ({RR} 13. b3
Bd7 14. h3 Bc5 15. Be3 Qc8 16. Kh2 h5 17. Nce2 Qc7 18. Bg5 Nh7 19. Bc1 a4 20.
Nf5 Bxf5 21. exf5 axb3 22. axb3 Nf6 23. Bg5 Ned7 24. Nf4 Qa5 25. Rb1 Bb6 26.
Bf3 d5 27. Bxf6 Nxf6 {Demuth,A (2332)-Winants,L (2513)/France 2009/EXT 2010/1/
2-1/2 (42)}) 13... Bg4 (13... Bd7) 14. f3 Bxd2 15. Rxd2 Bd7 16. f4 $14 {[%csl
Ge4,Gf4]} Neg4 17. Qd3 d5 (17... b5 18. cxb5 cxb5 19. Nxb5 Bxb5 20. Qxb5 Nxe4
$132) 18. e5 dxc4 19. Qf3 Nd5 20. e6 $1 fxe6 21. Qxg4 Ne3 22. Qh5 Nxf1 23. Bxf1
Qc7 24. Nc5 b5 25. Nxb5 1-0

[Event "FRA-chT1 0910"]
[Site "France"]
[Date "2009.12.13"]
[Round "7.2"]
[White "Gharamian, Tigran"]
[Black "Shirazi, Kamran "]
[Result "1-0"]
[WhiteElo "2614"]
[BlackElo "2433"]
[PlyCount "101"]
[EventDate "2009.09.27"]
[EventType "team-match"]
[EventRounds "11"]
[EventCountry "FRA"]
[SourceDate "2009.07.26"]
[WhiteTeam "Cappelle"]

1. e4 e6 2. d4 d5 3. Nc3 dxe4 4. Nxe4 Nf6 5. Nxf6+ Qxf6 6. Nf3 h6 7. Bd3 c5 8.
Be3 Nc6 9. O-O a6 10. dxc5 Qxb2 11. Nd2 Be7 12. Rb1 Qe5 13. Nc4 Qc7 14. Qg4 g5
15. Qh5 Ne5 16. Bd4 Nxc4 17. Bxh8 Nd2 18. Qxh6 Nxf1 19. Kxf1 Bd7 20. Bf6 Bc6
21. Bxg5 Qe5 22. Bxe7 Kxe7 23. Qh4+ Kd7 24. Qg3 Qxg3 25. fxg3 Rh8 26. h4 Rh5
27. Kf2 Ke7 28. Rh1 Rxc5 29. h5 Kf8 30. g4 e5 31. h6 Kg8 32. Bf5 Rd5 33. Rh5
Kh8 34. Rg5 Rd6 35. h7 Rd8 36. g3 b5 37. a3 a5 38. c3 e4 39. Ke3 f6 40. Rg8+
Rxg8 41. hxg8=Q+ Kxg8 42. Bxe4 Bd7 43. Bf5 Be8 44. Kd4 Kg7 45. Kc5 Kh6 46. Bd3
Kg5 47. Bxb5 Bxb5 48. Kxb5 Kxg4 49. c4 Kxg3 50. c5 f5 51. c6 1-0

[Event "FRA-chT1 0910"]
[Site "France"]
[Date "2009.12.13"]
[Round "7.3"]
[White "Babault, Patrice"]
[Black "Carlier, Bruno"]
[Result "1-0"]
[WhiteElo "2374"]
[BlackElo "2401"]
[PlyCount "55"]
[EventDate "2009.09.27"]
[EventType "team-match"]
[EventRounds "11"]
[EventCountry "FRA"]
[SourceDate "2009.07.26"]

1. e4 g6 2. d4 Bg7 3. Nc3 c6 4. Nf3 d5 5. h3 dxe4 6. Nxe4 Nd7 7. Bc4 Ngf6 8.
Nc3 O-O 9. O-O c5 10. a4 cxd4 11. Qxd4 Nb6 12. Bb3 Qxd4 13. Nxd4 e6 14. Rd1 Bd7
15. a5 Nbd5 16. Na4 Rfc8 17. c4 Nb4 18. Nc3 Be8 19. Be3 a6 20. Na4 Bxa4 21.
Rxa4 Nc6 22. Nxc6 bxc6 23. Rb4 c5 24. Rb6 Bf8 25. Ba4 Be7 26. Bc6 Ra7 27. Bf4
Bd8 28. Rb8 1-0

[Event "FRA-chT1 0910"]
[Site "France"]
[Date "2009.12.13"]
[Round "7.4"]
[White "Jossien, Remy"]
[Black "Pira, Davoud"]
[Result "1/2-1/2"]
[WhiteElo "2278"]
[BlackElo "2382"]
[PlyCount "83"]
[EventDate "2009.09.27"]
[EventType "team-match"]
[EventRounds "11"]
[EventCountry "FRA"]
[SourceDate "2009.07.26"]

1. e4 g6 2. d4 Bg7 3. Nc3 d6 4. Be3 Nd7 5. Qd2 a6 6. Bd3 b5 7. Nce2 Nb6 8. c3
Bb7 9. f3 Rc8 10. Ng3 e6 11. N1e2 e5 12. O-O Ne7 13. Rac1 O-O 14. b3 c5 15. f4
c4 16. bxc4 Nxc4 17. Bxc4 Rxc4 18. Rfd1 exf4 19. Bxf4 f5 20. exf5 Nxf5 21. Nxf5
Rxf5 22. Qe3 Qd7 23. Ng3 Rf7 24. Re1 Rc8 25. Bh6 Qc6 26. Re2 Qd5 27. Rce1 Rcf8
28. Bxg7 Kxg7 29. Qe6 Rc8 30. Qe3 Bc6 31. h4 Re8 32. Qg5 Qxg5 33. hxg5 Rxe2 34.
Rxe2 Bd5 35. Re8 h6 36. Rd8 Bxa2 37. Rxd6 a5 38. Rb6 Bc4 39. Ne4 hxg5 40. Nd6
Rf1+ 41. Kh2 Bd3 42. d5 1/2-1/2

[Event "FRA-chT1 0910"]
[Site "France"]
[Date "2009.12.13"]
[Round "7.6"]
[White "Platel, Alexandre"]
[Black "Lamorelle, Julien"]
[Result "0-1"]
[WhiteElo "2255"]
[BlackElo "2221"]
[PlyCount "38"]
[EventDate "2009.09.27"]
[EventType "team-match"]
[EventRounds "11"]
[EventCountry "FRA"]
[SourceDate "2009.07.26"]

1. e4 c5 2. Nf3 e6 3. c3 Nf6 4. Bd3 Nc6 5. O-O d5 6. e5 Nd7 7. Re1 g5 8. h4 g4
9. Ng5 c4 10. Bc2 Ndxe5 11. d4 cxd3 12. Ba4 Qf6 13. Bxc6+ bxc6 14. Qa4 Bd7 15.
Qd4 Bg7 16. Qb4 h6 17. Na3 Bf8 18. Qf4 Qxf4 19. Bxf4 Ng6 0-1

[Event "FRA-chT1 0910"]
[Site "France"]
[Date "2009.12.13"]
[Round "7.7"]
[White "Rihouay, Clement"]
[Black "Couche, Didier"]
[Result "1/2-1/2"]
[WhiteElo "2220"]
[BlackElo "2129"]
[PlyCount "65"]
[EventDate "2009.09.27"]
[EventType "team-match"]
[EventRounds "11"]
[EventCountry "FRA"]
[SourceDate "2009.07.26"]

1. e4 e6 2. d4 d5 3. Nc3 Bb4 4. Qd3 dxe4 5. Qxe4 Nf6 6. Qh4 Nd5 7. Qxd8+ Kxd8
8. Nge2 b6 9. Bd2 Nxc3 10. Nxc3 Ba6 11. O-O-O c6 12. h4 Bxf1 13. Rhxf1 h5 14.
Ne4 Bxd2+ 15. Rxd2 Nd7 16. Re1 Ke7 17. c4 Nf6 18. Nc3 Rhd8 19. d5 cxd5 20. cxd5
Rd6 21. dxe6 Rxe6 22. Red1 Rc8 23. Kb1 a6 24. f3 Rc4 25. Ne2 g6 26. Nd4 Re5 27.
b3 Rc7 28. Nc2 a5 29. Kb2 Rd7 30. Nd4 Ke8 31. a4 Red5 32. Kc2 Rc5+ 33. Kb2
1/2-1/2

[Event "FRA-chT1 0910"]
[Site "France"]
[Date "2009.12.13"]
[Round "7.8"]
[White "Husson, Cybele"]
[Black "Lamorelle, Camille"]
[Result "1/2-1/2"]
[WhiteElo "2041"]
[BlackElo "1773"]
[PlyCount "81"]
[EventDate "2009.09.27"]
[EventType "team-match"]
[EventRounds "11"]
[EventCountry "FRA"]
[SourceDate "2009.07.26"]

1. e4 Nc6 2. Nc3 d6 3. Bc4 Nf6 4. h3 e6 5. d3 Na5 6. Bb3 Nxb3 7. axb3 d5 8. e5
Nd7 9. Nf3 Be7 10. O-O b6 11. Bd2 Bb7 12. Ra4 Nf8 13. Ne2 Ng6 14. Nf4 c5 15.
Nxg6 hxg6 16. Rg4 d4 17. Re1 Qd5 18. b4 Rc8 19. c3 dxc3 20. Bxc3 Rd8 21. bxc5
Bxc5 22. Bd4 Qc6 23. Bxc5 Qxc5 24. Ra4 a6 25. Re3 Qb5 26. Rd4 Rxd4 27. Nxd4
Qxb2 28. Qg4 Bc8 29. Qe4 O-O 30. h4 Rd8 31. Nc6 Re8 32. Rh3 Bd7 33. Nd4 Qc1+
34. Kh2 Qh6 35. Qb7 Bc8 36. Qxb6 Qf4+ 37. Kg1 Qc1+ 38. Kh2 Qf4+ 39. Kg1 Qc1+
40. Kh2 Qf4+ 41. Kg1 1/2-1/2

[Event "FRA-chT1 0910"]
[Site "France"]
[Date "2009.12.13"]
[Round "7.1"]
[White "Inkiov, Ventzislav"]
[Black "Justo, Damian"]
[Result "0-1"]
[WhiteElo "2472"]
[BlackElo "2320"]
[PlyCount "68"]
[EventDate "2009.09.27"]
[EventType "team-match"]
[EventRounds "11"]
[EventCountry "FRA"]
[SourceDate "2009.07.26"]
[WhiteTeam "Migne"]

1. e4 e6 2. d4 d5 3. e5 c5 4. c3 Nc6 5. Nf3 Qb6 6. Be2 cxd4 7. cxd4 Nh6 8. b3
Nf5 9. Bb2 Bb4+ 10. Kf1 O-O 11. g4 Nh6 12. Rg1 f6 13. exf6 Rxf6 14. g5 Rxf3 15.
gxh6 Rf7 16. Rxg7+ Rxg7 17. hxg7 Qc7 18. Kg2 Qxg7+ 19. Kh1 Bd7 20. Qd3 Kh8 21.
Nc3 Rg8 22. Bf3 Bd6 23. Qe3 Ne7 24. Ne2 Nf5 25. Qd2 Nh4 26. Qe3 Nf5 27. Qd2 Nh4
28. Qe3 Qf6 29. Bh5 Rg5 30. Ng3 Nf5 31. Qf3 Nxg3+ 32. fxg3 Rf5 33. Qd1 Qh6 34.
Bg4 Rf2 0-1

[Event "FRA-chT1 0910"]
[Site "France"]
[Date "2009.12.13"]
[Round "7.3"]
[White "Bedouin, Xavier"]
[Black "Moussard, Jules"]
[Result "1/2-1/2"]
[WhiteElo "2351"]
[BlackElo "2354"]
[PlyCount "85"]
[EventDate "2009.09.27"]
[EventType "team-match"]
[EventRounds "11"]
[EventCountry "FRA"]
[SourceDate "2009.07.26"]

1. e4 c5 2. c3 Nf6 3. e5 Nd5 4. d4 cxd4 5. cxd4 d6 6. Nf3 Nc6 7. Bc4 Nb6 8. Bb5
Bd7 9. Nc3 e6 10. O-O d5 11. Bg5 Be7 12. Bxe7 Qxe7 13. Rc1 O-O 14. Bxc6 Bxc6
15. Qd2 Nc4 16. Qe2 Qb4 17. b3 Na3 18. Rfd1 Rfc8 19. Qe3 Bd7 20. Ne1 a5 21. Ne2
b6 22. Nd3 Qf8 23. Qd2 Bb5 24. g3 Rxc1 25. Rxc1 Rc8 26. Ndf4 h6 27. h4 Kh7 28.
h5 Qb4 29. Qb2 Rxc1+ 30. Qxc1 a4 31. bxa4 Bxa4 32. Qc7 Qe1+ 33. Kg2 Bc2 34.
Qxf7 Be4+ 35. f3 Bf5 36. g4 Nc4 37. gxf5 Ne3+ 38. Kh2 Qf2+ 39. Kh1 Qxf3+ 40.
Kg1 Qf1+ 41. Kh2 Qf2+ 42. Kh3 Qf1+ 43. Kh2 1/2-1/2

[Event "FRA-chT1 0910"]
[Site "France"]
[Date "2009.12.13"]
[Round "7.4"]
[White "Bergez, Luc"]
[Black "Saada, Julien"]
[Result "1-0"]
[WhiteElo "2382"]
[BlackElo "2318"]
[PlyCount "59"]
[EventDate "2009.09.27"]
[EventType "team-match"]
[EventRounds "11"]
[EventCountry "FRA"]
[SourceDate "2009.07.26"]

1. e4 c6 2. d4 d5 3. e5 Bf5 4. Nc3 e6 5. g4 Bg6 6. Nge2 f6 7. Nf4 fxe5 8. Nxg6
hxg6 9. dxe5 Nd7 10. Bf4 Bb4 11. Qd3 Ne7 12. O-O-O Qc7 13. a3 Bc5 14. Bg3 O-O-O
15. Ne2 Qb6 16. Nf4 Bxf2 17. Nxe6 Nc5 18. Nxc5 Qxc5 19. Kb1 Rdf8 20. e6 Rf6 21.
Be5 Rxe6 22. Bxg7 Rg8 23. Bc3 g5 24. Qh7 Qd6 25. Bd3 Kb8 26. Qf7 Bc5 27. Rhe1
Re3 28. Rxe3 Bxe3 29. Bf6 Nc8 30. Qxg8 1-0

[Event "FRA-chT1 0910"]
[Site "France"]
[Date "2009.12.13"]
[Round "7.5"]
[White "Picard, Clement"]
[Black "Perrin, Guillaume"]
[Result "0-1"]
[WhiteElo "2183"]
[BlackElo "2315"]
[PlyCount "54"]
[EventDate "2009.09.27"]
[EventType "team-match"]
[EventRounds "11"]
[EventCountry "FRA"]
[SourceDate "2009.07.26"]

1. e4 c5 2. Nf3 e6 3. d4 cxd4 4. Nxd4 a6 5. Be2 Nf6 6. Nc3 Qc7 7. O-O d6 8. f4
Nbd7 9. Kh1 b5 10. a3 Bb7 11. Bf3 Rc8 12. Qe1 e5 13. Nf5 g6 14. Ne3 exf4 15.
Ned5 Nxd5 16. Nxd5 Bxd5 17. exd5+ Ne5 18. Bxf4 Bg7 19. c3 O-O 20. Qd2 Rb8 21.
Be2 Rfe8 22. Rfe1 Nd7 23. Bf3 Be5 24. Bh6 Nb6 25. Rad1 Nc4 26. Qc2 Qc5 27. Rd3
Bf4 0-1

[Event "FRA-chT1 0910"]
[Site "France"]
[Date "2009.12.13"]
[Round "7.6"]
[White "Guichard, Pauline"]
[Black "Fougerit, Valentin"]
[Result "1-0"]
[WhiteElo "2300"]
[BlackElo "2239"]
[PlyCount "73"]
[EventDate "2009.09.27"]
[EventType "team-match"]
[EventRounds "11"]
[EventCountry "FRA"]
[SourceDate "2009.07.26"]

1. d4 Nf6 2. c4 e6 3. Nc3 Bb4 4. e3 b6 5. Bd3 Bb7 6. Nf3 Ne4 7. O-O Bxc3 8.
bxc3 f5 9. d5 Na6 10. Ba3 Qf6 11. Nd4 Nac5 12. Bxe4 fxe4 13. Bxc5 bxc5 14. Nb5
O-O 15. Nxc7 Rac8 16. d6 Qxc3 17. Qb3 Qxb3 18. axb3 Rb8 19. Rxa7 Rf5 20. Rb1
Bc6 21. h3 Kf7 22. Na6 Rd8 23. Ra1 Kg6 24. Ra2 h5 25. h4 Kh6 26. Ra5 Rdf8 27.
Rxc5 Rxf2 28. Nb4 Rd2 29. Nxc6 dxc6 30. Rg5 g6 31. c5 Rd1+ 32. Kh2 Rf2 33. Re7
Rf6 34. Re5 Rc1 35. R7xe6 Rxe6 36. Rxe6 Rxc5 37. Rxe4 1-0

[Event "FRA-chT1 0910"]
[Site "France"]
[Date "2009.12.13"]
[Round "7.7"]
[White "Borzakian, Manouk"]
[Black "Betton, Olivier"]
[Result "1/2-1/2"]
[WhiteElo "2251"]
[BlackElo "2162"]
[PlyCount "55"]
[EventDate "2009.09.27"]
[EventType "team-match"]
[EventRounds "11"]
[EventCountry "FRA"]
[SourceDate "2009.07.26"]

1. e4 c6 2. d4 d5 3. e5 Bf5 4. Nf3 e6 5. Be2 Nd7 6. O-O Ne7 7. b3 c5 8. Na3 Nc6
9. c4 Nxd4 10. Nxd4 cxd4 11. cxd5 Qa5 12. Nb5 Bb4 13. Nxd4 Bc3 14. dxe6 fxe6
15. Nxf5 exf5 16. e6 Nc5 17. Rb1 Rd8 18. Qc2 Nxe6 19. b4 Qe5 20. Qa4+ Kf7 21.
Bc4 a6 22. Qb3 Rhe8 23. Bb2 Bxb2 24. Rfe1 Qc3 25. Bxe6+ Kf6 26. Qxb2 Qxb2 27.
Rxb2 Rxe6 28. Kf1 1/2-1/2

[Event "FRA-chT1 0910"]
[Site "France"]
[Date "2009.12.13"]
[Round "7.8"]
[White "Roumegous, Etienne"]
[Black "Le Bail, Clara"]
[Result "1-0"]
[WhiteElo "2165"]
[BlackElo "2064"]
[PlyCount "23"]
[EventDate "2009.09.27"]
[EventType "team-match"]
[EventRounds "11"]
[EventCountry "FRA"]
[SourceDate "2009.07.26"]

1. d4 d5 2. c4 c6 3. Nf3 Nf6 4. Nc3 dxc4 5. Ne5 Bf5 6. g3 Nbd7 7. Nxc4 Nb6 8.
Ne5 e6 9. Bg2 Nbd5 10. O-O Bb4 11. Nxd5 cxd5 12. Qa4+ 1-0

[Event "FRA-chT1 0910"]
[Site "France"]
[Date "2009.12.13"]
[Round "7.2"]
[White "Tripoteau, Nicolas"]
[Black "Lambert, Romain"]
[Result "1-0"]
[WhiteElo "2406"]
[BlackElo "2010"]
[PlyCount "107"]
[EventDate "2009.09.27"]
[EventType "team-match"]
[EventRounds "11"]
[EventCountry "FRA"]
[SourceDate "2009.07.26"]
[WhiteTeam "Sautron"]

1. d4 d5 2. Nf3 c6 3. e3 Nf6 4. c4 e6 5. Nbd2 Nbd7 6. b3 Bd6 7. Bb2 Qc7 8. Rc1
O-O 9. Bd3 e5 10. cxd5 Nxd5 11. dxe5 Nxe5 12. Nxe5 Bxe5 13. Bxh7+ Kxh7 14. Qh5+
Kg8 15. Qxe5 Qxe5 16. Bxe5 Nb4 17. Ke2 Re8 18. Bd6 Nd5 19. Kf3 Re6 20. Bg3 b6
21. e4 Nf6 22. e5 Nd5 23. Nc4 c5 24. Rhe1 Nb4 25. Red1 Bb7+ 26. Ke3 Nxa2 27.
Ra1 Nb4 28. Rd2 Nc6 29. Nd6 Nxe5 30. Nxb7 Nc4+ 31. Kd3 Nxd2 32. Kxd2 Re4 33.
Kc3 a5 34. Ra4 Rb4 35. Rxb4 cxb4+ 36. Kc4 Rc8+ 37. Kb5 Rc3 38. Ka4 b5+ 39. Kxb5
Rxb3 40. Nxa5 Rb1 41. Kc4 f5 42. Nb3 Rg1 43. Nd4 g6 44. Nf3 Rb1 45. Be5 b3 46.
Kc3 b2 47. Bg3 f4 48. Bh4 Rg1 49. Kxb2 Rxg2 50. h3 Kf7 51. Kc3 Ke6 52. Kd3 Kf5
53. Ke2 Ke4 54. Bd8 1-0

[Event "FRA-chT1 0910"]
[Site "France"]
[Date "2009.12.13"]
[Round "7.3"]
[White "Voisembert, Alain"]
[Black "Sorin, Baptiste"]
[Result "1-0"]
[WhiteElo "2092"]
[BlackElo "2214"]
[PlyCount "121"]
[EventDate "2009.09.27"]
[EventType "team-match"]
[EventRounds "11"]
[EventCountry "FRA"]
[SourceDate "2009.07.26"]

1. e4 c5 2. Nf3 d6 3. e5 g6 4. Bb5+ Bd7 5. Qe2 Bxb5 6. Qxb5+ Qd7 7. Nc3 Qxb5 8.
Nxb5 Kd7 9. Ng5 Nh6 10. exd6 exd6 11. O-O Nc6 12. c3 Be7 13. d3 f6 14. Nh3 Nf7
15. Nf4 Rae8 16. Be3 a6 17. Na3 b5 18. Nc2 f5 19. Nd5 Nce5 20. a4 Kc6 21. Nxe7+
Rxe7 22. axb5+ Kxb5 23. d4 Ng4 24. dxc5 dxc5 25. h3 Nxe3 26. Nxe3 Ne5 27. b3 c4
28. b4 Nc6 29. Rfd1 Rd8 30. Rxd8 Nxd8 31. Ra5+ Kc6 32. Rxa6+ Kb7 33. Rf6 Rc7
34. h4 Rc6 35. Rxc6 Kxc6 36. Nxc4 Kb5 37. Nd2 Ne6 38. g3 Ng7 39. Kf1 Nh5 40.
Ke2 Nf6 41. f3 Nh5 42. Nf1 Kc4 43. Kd2 f4 44. g4 Ng7 45. Kc2 h5 46. Nd2+ Kd5
47. Kd3 Ne6 48. c4+ Ke5 49. Nb3 g5 50. hxg5 h4 51. Nd2 h3 52. Nf1 Nxg5 53. Nh2
Ne6 54. b5 Nc5+ 55. Kc3 Nd7 56. Kb4 Kd4 57. g5 Ke3 58. g6 Kf2 59. g7 Nf6 60. b6
Kg2 61. b7 1-0

[Event "FRA-chT1 0910"]
[Site "France"]
[Date "2009.12.13"]
[Round "7.4"]
[White "Stephan, Victor"]
[Black "Sola, Flavien"]
[Result "1-0"]
[WhiteElo "2233"]
[BlackElo "1927"]
[PlyCount "69"]
[EventDate "2009.09.27"]
[EventType "team-match"]
[EventRounds "11"]
[EventCountry "FRA"]
[SourceDate "2009.07.26"]

1. d4 Nf6 2. c4 c5 3. d5 b5 4. cxb5 Qa5+ 5. Nc3 a6 6. b6 Bb7 7. Bd2 Qxb6 8. e4
e6 9. Bc4 Nxe4 10. Nxe4 exd5 11. Ng5 dxc4 12. Qe2+ Be7 13. N1f3 h6 14. Nh3 Qe6
15. Be3 g5 16. O-O-O g4 17. Nf4 gxf3 18. gxf3 Qf5 19. Rhe1 O-O 20. Rg1+ Kh7 21.
Qxc4 Bxf3 22. Nd5 Bg5 23. Bxg5 hxg5 24. Ne7 Qe6 25. Qxc5 d5 26. Rde1 Nd7 27.
Qd4 Be4 28. Rxg5 Qh6 29. f4 f6 30. Rxe4 fxg5 31. Qxd5 Nf6 32. Qf5+ Kg7 33. fxg5
Nxe4 34. Ng6 Kh7 35. Nxf8+ 1-0

[Event "FRA-chT1 0910"]
[Site "France"]
[Date "2009.12.13"]
[Round "7.5"]
[White "Sauvaget, Franck"]
[Black "Delorme, Alban"]
[Result "0-1"]
[WhiteElo "1947"]
[BlackElo "2253"]
[PlyCount "61"]
[EventDate "2009.09.27"]
[EventType "team-match"]
[EventRounds "11"]
[EventCountry "FRA"]
[SourceDate "2009.07.26"]

1. c4 e6 2. d4 Nf6 3. Nf3 d5 4. cxd5 exd5 5. Nc3 Be7 6. Bg5 Nbd7 7. e3 O-O 8.
Bd3 b6 9. O-O Bb7 10. Qe2 c5 11. Rac1 Ne4 12. Bf4 Re8 13. dxc5 bxc5 14. Rfd1
Nxc3 15. Rxc3 Bf6 16. Rcc1 Qb6 17. Qc2 g6 18. b3 Rac8 19. Qb1 Nf8 20. Bf1 Bg7
21. Bg3 Ne6 22. h4 d4 23. exd4 cxd4 24. Bc4 Nc5 25. h5 Ne4 26. hxg6 hxg6 27.
Bh2 Nc3 28. Rxc3 dxc3 29. Rd6 Be4 30. Qc1 Qb7 31. Ng5 0-1

[Event "FRA-chT1 0910"]
[Site "France"]
[Date "2009.12.13"]
[Round "7.7"]
[White "Jourdain, Florian"]
[Black "Lebreton, Flavien"]
[Result "0-1"]
[WhiteElo "1480"]
[BlackElo "2038"]
[PlyCount "82"]
[EventDate "2009.09.27"]
[EventType "team-match"]
[EventRounds "11"]
[EventCountry "FRA"]
[SourceDate "2009.07.26"]

1. d4 Nf6 2. g3 e6 3. Bg2 c5 4. c3 d5 5. Bf4 Qb6 6. Qb3 Qxb3 7. axb3 cxd4 8.
cxd4 Nc6 9. Nf3 Bb4+ 10. Nc3 Ne4 11. O-O Nxc3 12. bxc3 Bxc3 13. Rad1 O-O 14. e3
a5 15. Bd6 Rd8 16. Bc5 b5 17. Rc1 b4 18. h4 Ba6 19. Rfd1 Be2 20. Rd2 Bxd2 21.
Nxd2 Bb5 22. e4 a4 23. bxa4 Bxa4 24. Rb1 Rab8 25. e5 Bc2 26. Rb2 b3 27. Bd6 Rb7
28. Bf1 Nxd4 29. Ba6 Ra7 30. Bc5 Rxa6 31. Bxd4 Ra2 32. Rxb3 Bxb3 33. Nxb3 Rb8
34. Nc5 Rb4 35. Be3 d4 36. Nd3 dxe3 37. Nxb4 e2 38. Nxa2 e1=Q+ 39. Kg2 Qxe5 40.
Nc1 Qe1 41. Nb3 Qc3 0-1

[Event "FRA-chT1 0910"]
[Site "France"]
[Date "2009.12.13"]
[Round "7.8"]
[White "Nadin, Stephanie"]
[Black "Chauvet, Adele"]
[Result "0-1"]
[WhiteElo "1814"]
[BlackElo "1470"]
[PlyCount "52"]
[EventDate "2009.09.27"]
[EventType "team-match"]
[EventRounds "11"]
[EventCountry "FRA"]
[SourceDate "2009.07.26"]

1. d4 Nf6 2. c4 g6 3. Nc3 Bg7 4. e4 d6 5. f3 O-O 6. Be3 Nbd7 7. Qd2 Re8 8. Nge2
b6 9. Ng3 c5 10. d5 Ne5 11. Bh6 Bh8 12. h4 Nfd7 13. h5 Nf8 14. Bxf8 Rxf8 15.
O-O-O a6 16. Be2 Rb8 17. Rh2 Bf6 18. hxg6 fxg6 19. Rdh1 Rf7 20. Qd1 Bg5+ 21.
Kc2 Bf4 22. Qe1 Bd7 23. b3 b5 24. cxb5 axb5 25. Bf1 Qa5 26. Qa1 Bxg3 0-1

[Event "FRA-chT1 0910"]
[Site "France"]
[Date "2009.12.13"]
[Round "7.1"]
[White "Fayard, Alain"]
[Black "Polaczek, Richard"]
[Result "0-1"]
[WhiteElo "2253"]
[BlackElo "2381"]
[PlyCount "80"]
[EventDate "2009.09.27"]
[EventType "team-match"]
[EventRounds "11"]
[EventCountry "FRA"]
[SourceDate "2009.07.26"]

1. d4 Nf6 2. c4 e6 3. Nc3 Bb4 4. e3 b6 5. Nge2 Ne4 6. f3 Nxc3 7. bxc3 Be7 8.
Ng3 h5 9. Bd3 h4 10. Ne4 Nc6 11. O-O Na5 12. f4 g6 13. Nd2 Bb7 14. e4 f5 15.
Qe2 O-O 16. Nf3 Bf6 17. e5 Be7 18. Ng5 Kg7 19. Bd2 Rh8 20. Rab1 Bxg5 21. fxg5
Rh5 22. d5 Qe7 23. Be3 Re8 24. Rbe1 Qa3 25. Rc1 Qe7 26. Rce1 Rxg5 27. Bxg5 Qxg5
28. Qf2 exd5 29. Qf4 Qxf4 30. Rxf4 Ba6 31. Rxh4 Bxc4 32. Bb1 Nc6 33. h3 Nxe5
34. Kf2 d6 35. Re3 Re7 36. Rd4 c5 37. Rd1 Kf6 38. Rd2 Rh7 39. Ke1 f4 40. Rf2
Kg5 0-1

[Event "FRA-chT1 0910"]
[Site "France"]
[Date "2009.12.13"]
[Round "7.2"]
[White "Tournier, Mathieu"]
[Black "Carbonnel, Pierre"]
[Result "1-0"]
[WhiteElo "2267"]
[BlackElo "2260"]
[PlyCount "95"]
[EventDate "2009.09.27"]
[EventType "team-match"]
[EventRounds "11"]
[EventCountry "FRA"]
[SourceDate "2009.07.26"]

1. e4 c6 2. c4 d5 3. exd5 cxd5 4. cxd5 Nf6 5. Nc3 Nxd5 6. Nf3 Nc6 7. Bb5 Ndb4
8. d4 Bf5 9. O-O e6 10. Bg5 Qd6 11. d5 Nxd5 12. Nxd5 exd5 13. Nd4 Be6 14. Rc1
Be7 15. Bxe7 Kxe7 16. Bxc6 bxc6 17. Rxc6 Qd7 18. Qa4 Rhc8 19. Qa3+ Ke8 20. Rd6
Qc7 21. Nxe6 fxe6 22. Rxe6+ Kf7 23. Rfe1 Qc5 24. Qg3 Kg8 25. h4 Rc7 26. Re8+
Rxe8 27. Rxe8+ Kf7 28. Qe5 Qc6 29. Rd8 Re7 30. Qf5+ Qf6 31. Qxd5+ Qe6 32. Qxe6+
Kxe6 33. Rd3 Rc7 34. Rd2 Kf5 35. f3 Kf4 36. Kf2 h6 37. g4 Ke5 38. Ke3 g5 39.
hxg5 hxg5 40. Rd4 a5 41. Ra4 Rc5 42. f4+ gxf4+ 43. Rxf4 Rc2 44. Rf5+ Ke6 45.
Rb5 a4 46. a3 Kf6 47. Kd3 Rg2 48. Rb4 1-0

[Event "FRA-chT1 0910"]
[Site "France"]
[Date "2009.12.13"]
[Round "7.3"]
[White "Rabeyrin, Jean Jacques"]
[Black "Jens, Jelmer"]
[Result "0-1"]
[WhiteElo "2265"]
[BlackElo "2369"]
[PlyCount "90"]
[EventDate "2009.09.27"]
[EventType "team-match"]
[EventRounds "11"]
[EventCountry "FRA"]
[SourceDate "2009.07.26"]

1. e4 c5 2. Nf3 d6 3. d4 cxd4 4. Nxd4 Nf6 5. Nc3 a6 6. Bg5 Nbd7 7. Bc4 e6 8.
O-O Qb6 9. Bb3 Be7 10. Kh1 Nc5 11. f3 O-O 12. Qd2 Bd7 13. Rae1 Qc7 14. f4 h6
15. Bxf6 Bxf6 16. Qe3 b5 17. e5 dxe5 18. fxe5 Bg5 19. Qg3 Qb7 20. Qg4 a5 21. a3
a4 22. Ba2 b4 23. Ne4 Nxe4 24. Rxe4 bxa3 25. bxa3 Qb2 26. Bc4 Qxa3 27. Bd3 f5
28. exf6 Rxf6 29. Nf3 Raf8 30. Rg1 Bf4 31. Rxf4 Rxf4 32. Qg6 R8f5 33. Bxf5 Rxf5
34. Nd4 Rf6 35. Qe4 Qd6 36. c4 Rf4 37. Qa8+ Kh7 38. Nb5 Qc6 39. Qb8 Rxc4 40.
Nd6 Rc2 41. h3 Rf2 42. Qa7 Rd2 43. Nf7 Qd5 44. Qb8 Bc6 45. Qg3 Rxg2 0-1